London Underground Stations with "Green" - Statistics

General Stats
  • This quiz has been taken 127 times
  • The average score is 7 of 12
Answer Stats
Answer % Correct
Green Park
94%
Wood Green
71%
Parsons Green
67%
Turnham Green
67%
Bethnal Green
65%
Greenford
60%
Golders Green
59%
Willesden Green
58%
Bounds Green
56%
Stepney Green
48%
Kensal Green
43%
North Greenwich
30%
No matching quizzes found
Score Distribution
Percent of People with Each Score
Percentile by Number Answered
Your Score History
You have not taken this quiz